25 Countries by Highest Point - Statistics

General Stats
  • This quiz has been taken 47 times
  • The average score is 20 of 25
Answer Stats
Mountain Answer % Correct
Mount Everest Nepal
100%
Mount Everest China
98%
Huascaran Peru
95%
Mount Logan Canada
93%
Kangchenjunga India
93%
K2 Pakistan
93%
Ojos del Salado Chile
90%
Mount Elbrus Russia
90%
Gangkhar Puensum Bhutan
88%
Pico de Orizaba Mexico
88%
Mount Kenya Kenya
86%
Noshaq Afghanistan
83%
Aconcagua Argentina
83%
Pico Cristobal Colon Colombia
83%
Mount Kilimanjaro Tanzania
83%
Mount Denali United States of America
81%
Mount Chimborazo Ecuador
79%
Damavand Iran
76%
Mount Ararat Turkey
76%
Khan Tengri Kazakhstan
74%
Nevado Sajama Bolivia
67%
Ismoil Somoni Peak Tajikistan
67%
Jengish Chokusu Kyrgyzstan
64%
Hkakabo Razi Myanmar
52%
Mt'a Shkhara Georgia
48%
No matching quizzes found
Score Distribution
Percent of People with Each Score
Percentile by Number Answered
Your Score History
You have not taken this quiz